00736cam a22002411 4500001001300000003000400013005001700017008004100034010001700075035002000092040002300112042001200135050001600147100003900163245007400202260004400276300001800320490005500338500004000393650001500433650002900448999001700477z 01000192 DLC20260227112813.0890330s1899 cau b 000 0 eng  az 01000192  a(OCoLC)19479910 aDLCcViWdViWdDLC apremarc00aZ5873b.B151 aBailey, Thomas Pearce,d1867-1949.10aBibliographical references in ethology,cby Thomas P. Bailey, Jr. ... aBerkeley,bThe University Press,c1899. a25 p.c23 cm.0 aUniversity of California. Library bulletinvno. 13 aPage 25 printed on inside of cover. 0aCharacter. 0aEducationvBibliography. c92435d92435